000 00305 a2200145 4500
001 164445
020 _a
040 _cMagnum
100 _aAlmeida, Guido de
240 1 0 _aO professor que nao ensina
_lpor
245 1 0 _aO professor que nao ensina
362 0 _a1899
697 _aENSINO
942 _cBK
999 _c164445
_d164445